Central Library OPAC University of Rajshahi

Activity analysis and the theory of economic equilibrium / (Record no. 42495)

MARC details
000 -LEADER
fixed length control field 00841nam a2200277 a 4500
001 - CONTROL NUMBER
control field 42495
003 - CONTROL NUMBER IDENTIFIER
rucl marc code (BD-RJUL)
005 - DATE AND TIME OF LATEST TRANSACTION
control field 20211209053541.0
008 - FIXED-LENGTH DATA ELEMENTS--GENERAL INFORMATION
fixed length control field 160613s1957 xx 000 0 eng d
035 ## - SYSTEM CONTROL NUMBER
System control number (BD-RJUL)42613
System control number (OCoLC)00845110
System control number GLIS00472666
040 ## - CATALOGING SOURCE
Original cataloging agency WPG
Transcribing agency WPG
Modifying agency RCD
-- (BD-RJUL)
Language of cataloging eng
041 ## - LANGUAGE CODE
Language code of text/sound track or separate title eng
082 ## - DEWEY DECIMAL CLASSIFICATION NUMBER
Edition number 23
Classification number 330
Author mark and year MAA 1959
090 ## - LOCALLY ASSIGNED LC-TYPE CALL NUMBER (OCLC); LOCAL CALL NUMBER (OCLC)
Classification number (OCLC) (R) ; Classification number, CALL (RLIN) (NR) HB171
Local cutter number (OCLC) ; Book number/undivided call number, CALL (RLIN) .M235
099 ## - LOCAL FREE-TEXT CALL NUMBER (OCLC)
Bangla Class number HB171.M235
100 1# - MAIN ENTRY--PERSONAL NAME
Personal name Makower, Helen.
9 (RLIN) 130706
245 10 - TITLE STATEMENT
Title Activity analysis and the theory of economic equilibrium /
Statement of responsibility, etc. Helen Makower
260 ## - PUBLICATION, DISTRIBUTION, ETC. (IMPRINT)
Place of publication, distribution, etc. London, Macmillan :
-- New York :
Name of publisher, distributor, etc. St. Martin's Press,
Date of publication, distribution, etc. 1957 [reprint1959]
300 ## - PHYSICAL DESCRIPTION
Pagination xiv, 192 p. :
Illustrations ill. ;
Size 23 cm.
650 #0 - SUBJECT ADDED ENTRY--TOPICAL TERM
Topical term or geographic name as entry element Economics.
9 (RLIN) 130707
Topical term or geographic name as entry element Statics and dynamics (Social sciences)
9 (RLIN) 130684
942 ## - ADDED ENTRY ELEMENTS (KOHA)
Source of classification or shelving scheme Dewey Decimal Classification
Koha item type Books
949 ## - LOCAL PROCESSING INFORMATION (OCLC)
a MYGD
Holdings
Lost status Source of classification or shelving scheme Damaged status Not for loan Collection code Permanent Location Current Location Shelving location Date acquired Source of acquisition Cost, normal purchase price Total Checkouts Full call number Date last seen Copy number Koha item type
  Dewey Decimal Classification     Non-fiction Central Library, University of Rajshahi Central Library, University of Rajshahi   11/11/1965 Zeithlinger 25.00   330 MAA 1959 13/06/2016 C-2 Books
  Dewey Decimal Classification     Non-fiction Central Library, University of Rajshahi Central Library, University of Rajshahi   11/11/1965 Zeithlinger 25.00   330 MAA 1959 13/06/2016 C-3 Books
  Dewey Decimal Classification     Non-fiction Central Library, University of Rajshahi Central Library, University of Rajshahi   11/11/1965 Zeithlinger 25.00   330 MAA 1959 13/06/2016 C-4 Books
  Dewey Decimal Classification     Non-fiction Central Library, University of Rajshahi Central Library, University of Rajshahi   11/11/1965 Zeithlinger 25.00   330 MAA 1959 13/06/2016 C-5 Books
  Dewey Decimal Classification     Non-fiction Central Library, University of Rajshahi Central Library, University of Rajshahi   11/11/1965 Zeithlinger 25.00   330 MAA 1959 13/06/2016 C-6 Books